Reporting statement (Record no. 108515)
[ view plain ]
| 000 -LEADER | |
|---|---|
| fixed length control field | 01534cam a22002655a 4500 |
| 001 - CONTROL NUMBER | |
| control field | L144450 |
| 008 - FIXED-LENGTH DATA ELEMENTS--GENERAL INFORMATION | |
| fixed length control field | 080721s2006 xxk f s 000 0 eng d |
| 020 ## - INTERNATIONAL STANDARD BOOK NUMBER | |
| International Standard Book Number | 1841407550 |
| 035 ## - SYSTEM CONTROL NUMBER | |
| System control number | (Sirsi) u144450 |
| 041 0# - LANGUAGE CODE | |
| Language code of text/sound track or separate title | eng |
| 050 04 - LIBRARY OF CONGRESS CALL NUMBER | |
| Classification number | 657.9 $2 18 |
| 110 2# - MAIN ENTRY--CORPORATE NAME | |
| Corporate name or jurisdiction name as entry element | Accounting Standards Board |
| 9 (RLIN) | 3454 |
| 245 00 - TITLE STATEMENT | |
| Title | Reporting statement |
| Remainder of title | operating and financial review |
| 260 ## - PUBLICATION, DISTRIBUTION, ETC. | |
| Place of publication, distribution, etc. | Surrey |
| Name of publisher, distributor, etc. | ASB Publications |
| Date of publication, distribution, etc. | 2006 |
| 300 ## - PHYSICAL DESCRIPTION | |
| Extent | 62p. |
| Dimensions | 21cm. |
| 350 ## - PRICE (NR) (BK AM CF MU VM SE) [OBSOLETE] | |
| Price | 5 |
| 490 #0 - SERIES STATEMENT | |
| Series statement | ASB Reporting Statement |
| 505 2# - FORMATTED CONTENTS NOTE | |
| Formatted contents note | Reporting statement: Operating and Financial Review (OFR) -- Introduction -- Summary -- Objective -- Scope -- Definitions -- Principles -- Disclosure framework: details of particular matters -- The nature, objectives and strategies of the business -- Current and future development and performance -- Resources -- Risks and uncertainties -- Relationships -- Financial position -- Key performance indicators -- Other measures -- Seriously prejudicial -- Statement of compliance -- Implementation guidance |
| 520 ## - SUMMARY, ETC. | |
| Summary, etc. | Updated version of the statement Operating and Financial Review - which aims to build on existing best practice within the Accounting Standards Board by providing a framework within which company directors can discuss the main factors underlying the company's performance and financial position. |
| 521 ## - TARGET AUDIENCE NOTE | |
| Target audience note | Advanced |
| 650 24 - SUBJECT ADDED ENTRY--TOPICAL TERM | |
| Topical term or geographic name entry element | WHITE PAPER MODERNISING COMPANY LAW |
| 651 #4 - SUBJECT ADDED ENTRY--GEOGRAPHIC NAME | |
| Geographic name | England and Wales |
| Chronological subdivision | 1543- |
| 690 ## - LOCAL SUBJECT ADDED ENTRY--TOPICAL TERM (OCLC, RLIN) | |
| Topical term or geographic name as entry element | MANAGEMENT-BUSINESS MANAGEMENT-FINANCIAL MANAGEMENT-ACCOUNTING |
| 942 ## - ADDED ENTRY ELEMENTS (KOHA) | |
| Suppress in OPAC | 0 |
| Withdrawn status | Lost status | Source of classification or shelving scheme | Damaged status | Not for loan | Home library | Current library | Shelving location | Date acquired | Total Checkouts | Full call number | Barcode | Date last seen | Date last checked out | Copy number | Price effective from | Koha item type |
|---|---|---|---|---|---|---|---|---|---|---|---|---|---|---|---|---|
| Dewey Decimal Classification | London | London | Books | 21/07/2008 | 3 | 657.9 ACC | 30074493 | 06/08/2019 | 07/10/2008 | 1 | 06/08/2019 | Book |